| 000 | 00732nam a2200229 a 4500 | ||
|---|---|---|---|
| 001 | 13126 | ||
| 003 | BD-JhCC | ||
| 005 | 20230711103908.0 | ||
| 008 | 171101s2019 bg |||| ||a| 00| 0 ben d | ||
| 020 | _a9841805138 | ||
| 035 | _a(BD-JhCC)13126 | ||
| 040 |
_aBD-JhCC _dBD-JhCC |
||
| 041 | _abengali | ||
| 082 | _bSAY 2019 | ||
| 100 | _aসায়ীদ, আবদুল্লাহ আবুু | ||
| 245 |
_aনিষ্ফলা মাঠের কৃষক / _c আবদুল্লাহ আবুু সায়ীদ। |
||
| 260 |
_aঢাকা : _bবিশ্ব সাহিত্য কেন্দ্র; _c2019. |
||
| 300 |
_a246 p. : _c21 cm. |
||
| 650 | _aMotivation | ||
| 942 |
_2ddc _cBK _01 |
||
| 999 |
_c13126 _d13126 |
||